Les 150 joueurs de football Sud-Américains les plus valorisés - Statistiques

Statistiques générales
  • Ce quiz a été pris 58 fois
  • Le résultat moyen est 52 sur 150
Statistiques - réponses
Joueur Pays Poste Club % Correct
Vinícius Júnior BRA AG Real Madrid
98%
Emiliano Martínez ARG GK Aston Villa
96%
Lautaro Martínez ARG BU Inter Milan
96%
Lisandro Martínez ARG DC Manchester United
96%
Federico Valverde URU MC Real Madrid
94%
Rodrygo BRA AG Real Madrid
92%
Darwin Núñez URU BU Liverpool FC
87%
Luis Díaz COL AG Liverpool FC
87%
Raphinha BRA AD FC Barcelone
87%
Julián Alvarez ARG BU Atlético Madrid
85%
Enzo Fernández ARG MC Chelsea FC
83%
Gabriel BRA DC Arsenal FC
81%
Alexis MacAllister ARG MC Liverpool FC
79%
Bruno Guimarães BRA MC Newcastle United
77%
Marquinhos BRA DC Paris Saint-Germain
77%
Moisés Caicedo EQU MDC Chelsea FC
77%
Bremer BRA DC Juventus Turin
75%
Gabriel Martinelli BRA AG Arsenal FC
75%
Maxi Araújo URU AG Sporting Portugal
75%
Ronald Araújo URU DC FC Barcelone
75%
Savinho BRA AD Manchester City
75%
Éderson BRA MC Atalanta Bergame
74%
Ederson BRA GK Manchester City
74%
Willian Pacho EQU DC Paris Saint-Germain
74%
Endrick BRA BU Real Madrid
72%
Gabriel Jesus BRA BU Arsenal FC
72%
Neymar BRA AG Santos FC
72%
Alejandro Garnacho ARG AG Manchester United
70%
Alisson BRA GK Liverpool FC
70%
Igor Jesus BRA BU Botafogo
70%
Cristian Romero ARG DC Tottenham Hotspurs
68%
Éder Militão BRA DC Real Madrid
68%
Lionel Messi ARG AD Inter Miami FC
66%
Manuel Ugarte URU MC Manchester United
66%
Lucas Paquetá BRA MOC West Ham United
64%
Lucas Beraldo BRA DC Paris Saint-Germain
62%
Rodrigo de Paul ARG MC Atlético Madrid
62%
Matheus Cunha BRA BU Wolverhampton
58%
Richarlison BRA BU Tottenham Hotspurs
58%
Leonardo Balerdi ARG DC Olympique de Marseille
57%
Piero Hincapié EQU DC Bayer Leverkusen
55%
Jhon Durán COL BU Al Nassr Riyad
51%
José María Giménez URU DC Atlético Madrid
51%
Luis Henrique BRA AG Olympique de Marseille
51%
Malcom BRA AD Al Hilal
51%
Facundo Medina ARG DC RC Lens
49%
Rodrigo Bentancur URU MDC Tottenham Hotspurs
49%
Thiago Almada ARG MOC Olympique Lyonnais
49%
Caio Henrique BRA DG AS Monaco
47%
Douglais Luiz BRA MC Juventus Turin
47%
Exequiel Palacios ARG MC Bayer Leverkusen
47%
Joelinton BRA MC Newcastle United
47%
Luiz Henrique BRA AD Zenit Saint-Petersbourg
47%
Antony BRA AD Real Betis Balompié
45%
João Pedro BRA BU Brighton
45%
Nahuel Molina ARG DD Atlético Madrid
42%
Vanderson BRA DD AS Monaco
42%
Nico Paz ARG MOC FC Côme
40%
Pedro BRA BU CF Flamengo
40%
Samuel Lino BRA AG Atlético Madrid
36%
Andrey Santos BRA MC RC Strasbourg
34%
Fabinho BRA MDC Al Ittihad
34%
Yan Couto BRA DD Borussia Dortmund
34%
Ángel Correa ARG AD Altético Madrid
32%
David Neres BRA AD SSC Napoli
32%
Davinson Sánchez COL DC Galatasaray
32%
Guido Rodríguez ARG MDC West Ham United
32%
Nico González ARG AD Juventus Turin
32%
Pervis Estupiñán EQU AG Brighton
32%
Fred BRA MC Fenerbahçe
30%
Giovani Lo Celso ARG MC Real Betis Balompié
30%
André Gomes BRA MDC Wolverhampton
28%
Danilo BRA MDC Nottingham Forest
28%
Gabriel Moscardo BRA MDC Stade de Reims
28%
João Gomes BRA MC Wolverhampton
28%
Daniel Muñoz COL DD Crystal Palace
26%
Murillo BRA DC Nottingham Forest
26%
Estêvão BRA AD Palmeiras
25%
Lucas Torreira URU MDC Galatasaray
25%
Galeno BRA AG Al Ahly Riyad
23%
Mauro Icardi ARG BU Galatasaray
23%
Vitor Roque BRA BU Real Betis Balompié
23%
Dodô BRA DD AC Fiorentina
21%
Matías Soulé ARG AD AS Roma
21%
Emerson Royal BRA DD AC Milan
19%
Evanilson BRA BU AFC Bournemouth
19%
Julio Enciso PAR MOC Brighton
19%
Miguel Almirón PAR AD Atlanta United FC
19%
Pepê BRA AD FC Porto
19%
Claudi Echeverri ARG MOC Manchester City
17%
Gerson BRA MC CF Flamengo
17%
Igor BRA DC Brighton
17%
Carlos Augusto BRA DG Inter Milan
15%
Mathías Olivera URU DG SSC Napoli
15%
Nicolás Domínguez ARG MC Nottingham Forest
15%
Renan Lodi BRA DG Al Hilal
15%
Santiago Castro ARG BU FC Bologne
15%
Cucho Hernández COL BU Real Betis Balompié
13%
Igor Thiago BRA BU Brenftord FC
13%
Marcos Senesi ARG DC AFC Bournemouth
13%
Vitor Reis BRA DC Manchester United
13%
Yangel Herrera VEN MC Girona FC
13%
Andreas Pereira BRA MOC Fulham FC
11%
Franco Mastantuono ARG MOC River Plate
11%
Rodrigo Muniz BRA BU Fulham FC
11%
Diego Gómez PAR MC Brighton
9%
Emiliano Buendía ARG MOC Bayer Leverkusen
9%
Facundo Buonanotte ARG MOC Leicester City
9%
Marcos Leonardo BRA BU Al Hilal
9%
Roger Ibañez BRA DC Al Ahly Riyad
9%
Taty Castellanos ARG BU Lazio Roma
9%
Alan Varela ARG MDC FC Porto
8%
Igor Paixão BRA AG Feyenoord Rotterdam
8%
Joel Ordóñez EQU DC Club Bruges
8%
Nehuén Pérez ARG DC FC Porto
8%
Richard Ríos COL MC Palmeiras
8%
Wendel BRA MC Zenit Saint-Petersbourg
8%
Yáser Asprilla COL AD Girona FC
8%
Jefferson Lerma COL MDC Crystal Palace
6%
Kendry Páez EQU MOC Independiente del Valle (Equateur)
6%
Morato BRA DC Nottingham Forest
6%
Tuta BRA DC Eintracht Francfort
6%
Vini Souza BRA MDC Sheffield United
6%
Carlos Alcaraz ARG MC Everton FC
4%
Esequiel Barco ARG MOC Spartak Moscou
4%
Gabriel Sara BRA MC Galatasaray
4%
Jhon Lucumí COL DC FC Bologne
4%
Luis Sinisterra COL AG AFC Bournemouth
4%
Paulinho BRA AT Palmeiras
4%
Ramón Sosa PAR AG Nottingham Forest
4%
Yuri Alberto BRA BU Corinthians
4%
Evander BRA MOC Portland Timbers
2%
Facundo Torres URU AD Palmeiras
2%
Giorgian de Arrascaeta URU MOC CF Flamengo
2%
Jhon Arias COL AD CF Fluminense
2%
Luis Guilherme BRA AD West Ham United
2%
Matheus França BRA MOC Crystal Palace
2%
Raphael Veiga BRA MOC Palmeiras
2%
Rodrigo Zalazar URU MC SC Braga
2%
Claudinho BRA MOC Al Sadd (Qatar)
0%
Gabriel Carvalho BRA AD SC Internacional (Brésil)
0%
Guilherme Arana BRA DG Atlético Mineiro
0%
Jhon Córdoba COL BU Krasnodar FK
0%
Kevin BRA AG Shakhtar Donetsk
0%
Lorran BRA MOC CF Flamengo
0%
Lucas Beltrán ARG MOC AC Fiorentina
0%
Luciano Gondou ARG BU Zenit Saint-Petersbourg
0%
Nicolás de la Cruz URU MC CF Flamengo
0%
Pablo Maia BRA MDC São Paulo FC
0%
Rodrigo Garro ARG MOC Corinthians
0%
Aucun quiz correspondant
Distribution des résultats
% des personnes avec chaque résultat
Percentile par nombre de réponses
Votre historique - résultats
Vous n’avez pas pris ce quiz